My Life: Law and other things (Record no. 1312036)

MARC details
000 -LEADER
fixed length control field 00473nam a2200169Ia 4500
005 - DATE AND TIME OF LATEST TRANSACTION
control field 20250611121622.0
008 - FIXED-LENGTH DATA ELEMENTS--GENERAL INFORMATION
fixed length control field 008 250505s9999 xx 000 0 eng d
020 ## - INTERNATIONAL STANDARD BOOK NUMBER
International Standard Book Number 9789390644681
040 ## - CATALOGING SOURCE
Language of cataloging eng
Transcribing agency ILCL
041 ## - LANGUAGE CODE
Language code of text/sound track or separate title eng
Source of code eng
084 ## - COLON CLASSIFICATION NUMBER
Classification number Z2,8,51wM84 R5
100 ## - MAIN ENTRY--PERSONAL NAME
Personal name Setalvad, Motilal C
245 #0 - TITLE STATEMENT
Title My Life: Law and other things
260 ## - PUBLICATION, DISTRIBUTION, ETC.
Place of publication, distribution, etc. Delhi
Name of publisher, distributor, etc. Law and Justice Publishing Company
Date of publication, distribution, etc. 2024
300 ## - PHYSICAL DESCRIPTION
Extent xvii,636p.
942 ## - ADDED ENTRY ELEMENTS (KOHA)
Koha item type Textbook
Source of classification or shelving scheme
999 ## -
-- 1312036
-- 1312036
Holdings
Withdrawn status Lost status Damaged status Not for loan Home library Current library Date acquired Source of acquisition Cost, normal purchase price Inventory number Total checkouts Barcode Date last seen Price effective from Koha item type Full call number
        Integrated Law Course library Integrated Law Course library 7-03-24 Apple Books 795.00 006 dt. 03-07-2024   IL1863196 2025-05-06 2025-05-06 Textbook  
        Integrated Law Course library Integrated Law Course library   Singhal Publications 795.00 2535 dt. 26-06-2024   IL1863753 2025-05-06 2025-05-06 Textbook Z2,8,51wM84 R5
Copyright @ Delhi University Library System